Welcome to the Holygrace Academy Library

Please use search bar below to get started

ANTE JEEVITHAKATHA (Record no. 5518)

MARC details
000 -LEADER
fixed length control field 00323nam a22001457a 4500
020 ## - INTERNATIONAL STANDARD BOOK NUMBER
ISBN 978-81-264-5279-8
082 ## - DEWEY DECIMAL CLASSIFICATION NUMBER
Classification number 920
Item number TEN/E
100 ## - MAIN ENTRY--AUTHOR NAME
Personal name TENDULKAR, SACHIN
245 ## - TITLE STATEMENT
Title ANTE JEEVITHAKATHA
260 ## - PUBLICATION, DISTRIBUTION, ETC. (IMPRINT)
Place of publication KOTTAYAM
Name of publisher DC BOOKS
Year of publication 2017
300 ## - PHYSICAL DESCRIPTION
Number of Pages 544
520 ## - SUMMARY, ETC.
Summary, etc AUTOBIOGRAPHY
650 ## - SUBJECT ADDED ENTRY--TOPICAL TERM
Topical Term AUTOBIOGRAPHY
942 ## - ADDED ENTRY ELEMENTS (KOHA)
Koha item type Books
Holdings
Withdrawn status Lost status Collection code Home library Current library Shelving location Date acquired Source of acquisition Cost, normal purchase price Full call number Accession Number Koha item type
    Fiction Main Library Main Library SHELF-16L- MALAYALAM BIOGRAPHY,STUDIES/CRITICISM 06/12/2019 Purchase 499.00 920 TEN/E 12207 Books